Die Jugendkriminalrechtspflege als Personenfrage und als Aufgabe der Zusammenarbeit: Bericht über die Verhandlungen des 11. Deutschen Jugendgerichtstages in Berlin vom 22. bis 24. Oktober 1959
| Corporate Authors: | ; |
|---|---|
| Format: | Print Book |
| Language: | German |
| Published: |
Köln [u.a.]
Heymann
1962
|
| In: |
Schriftenreihe der Deutschen Vereinigung für Jugendgerichte und Jugendgerichtshilfen (N.F., 4)
Year: 1962 |
| Availability in Tübingen: | Present in Tübingen. IFK: S LIII 4 |
| Check availability: | HBZ Gateway |
| Subito Delivery Service: | Order now. |
| Keywords: |
MARC
| LEADER | 00000cam a2200000 c 4500 | ||
|---|---|---|---|
| 001 | 1078040710 | ||
| 003 | DE-627 | ||
| 005 | 20260206202821.0 | ||
| 007 | tu | ||
| 008 | 850101s1962 xx ||||| 00| ||ger c | ||
| 035 | |a (DE-627)1078040710 | ||
| 035 | |a (DE-603)092627633 | ||
| 035 | |a (DE-576)008040710 | ||
| 035 | |a (DE-599)BSZ008040710 | ||
| 035 | |a (OCoLC)264660564 | ||
| 035 | |a (DE-604)8029784700 | ||
| 040 | |a DE-627 |b ger |c DE-627 |e rakwb | ||
| 041 | |a ger | ||
| 084 | |a 1 |2 ssgn | ||
| 084 | |a PH 8420 |2 rvk |0 (DE-625)rvk/136501: | ||
| 084 | |a PH 4420 |2 rvk |0 (DE-625)rvk/136135: | ||
| 245 | 0 | 4 | |a Die Jugendkriminalrechtspflege als Personenfrage und als Aufgabe der Zusammenarbeit |b Bericht über die Verhandlungen des 11. Deutschen Jugendgerichtstages in Berlin vom 22. bis 24. Oktober 1959 |c hrsg. von der Deutschen Vereinigung für Jugendgerichte und Jugendgerichtshifen e.V. |
| 264 | 1 | |a Köln [u.a.] |b Heymann |c 1962 | |
| 300 | |a 148 S. | ||
| 336 | |a Text |b txt |2 rdacontent | ||
| 337 | |a ohne Hilfsmittel zu benutzen |b n |2 rdamedia | ||
| 338 | |a Band |b nc |2 rdacarrier | ||
| 490 | 1 | |a Schriftenreihe der Deutschen Vereinigung für Jugendgerichte und Jugendgerichtshilfen |v N.F., 4 | |
| 650 | 0 | 7 | |0 (DE-588)4162832-9 |0 (DE-627)105459305 |0 (DE-576)209876522 |a Jugendgerichtsbarkeit |2 gnd |
| 655 | 7 | |a Konferenzschrift |y 1959 |z Berlin, West |0 (DE-588)1071861417 |0 (DE-627)826484824 |0 (DE-576)433375485 |2 gnd-content | |
| 689 | 0 | 0 | |d s |0 (DE-588)4162832-9 |0 (DE-627)105459305 |0 (DE-576)209876522 |a Jugendgerichtsbarkeit |2 gnd |
| 689 | 0 | |5 (DE-627) | |
| 710 | 2 | |a Deutsche Vereinigung für Jugendgerichte und Jugendgerichtshilfen |0 (DE-588)2007968-0 |0 (DE-627)101603991 |0 (DE-576)191630748 |4 oth | |
| 711 | 2 | |a Deutscher Jugendgerichtstag |n 11 |d 1959 |c Berlin, West |0 (DE-588)806467-2 |0 (DE-627)102403236 |0 (DE-576)192276824 |4 oth | |
| 810 | 2 | |a Deutsche Vereinigung für Jugendgerichte und Jugendgerichtshilfen |t Schriftenreihe der Deutschen Vereinigung für Jugendgerichte und Jugendgerichtshilfen |v N.F., 4 |9 1004 |w (DE-627)130660183 |w (DE-576)019973985 |w (DE-600)849445-9 |x 0942-3516 |7 am | |
| 935 | |a mteo | ||
| 935 | |h HEB |i 0501 | ||
| 935 | |h HEB |i 0503 | ||
| 936 | r | v | |a PH 8420 |b Kinderkriminalität; Jugendkriminalität; Frauenkriminalität, Mädchenkriminalität; Alterskriminalität; Ausländerkriminalität |k Rechtswissenschaft |k Strafrecht, Strafverfahrensrecht, Kriminologie |k Kriminologie |k Soziale Profile; Soziale Gruppen; Tätergemeinschaften (hier auch: Internationale Kriminalität) |k Kinderkriminalität; Jugendkriminalität; Frauenkriminalität, Mädchenkriminalität; Alterskriminalität; Ausländerkriminalität |0 (DE-627)1271674998 |0 (DE-625)rvk/136501: |0 (DE-576)201674998 |
| 936 | r | v | |a PH 4420 |b Einzeldarstellungen |k Rechtswissenschaft |k Strafrecht, Strafverfahrensrecht, Kriminologie |k Nebenstrafrecht |k Jugendstrafrecht |k Einzeldarstellungen |0 (DE-627)1272237168 |0 (DE-625)rvk/136135: |0 (DE-576)202237168 |
| 936 | s | n | |a p100 |2 mzub |
| 951 | |a BO | ||
| ELC | |b 1 | ||
| LOK | |0 000 xxxxxcx a22 zn 4500 | ||
| LOK | |0 001 206334907X | ||
| LOK | |0 003 DE-627 | ||
| LOK | |0 004 1078040710 | ||
| LOK | |0 005 20020607000000 | ||
| LOK | |0 008 940530||||||||||||||||ger||||||| | ||
| LOK | |0 040 |a DE-21-110 |c DE-627 |d DE-21-110 | ||
| LOK | |0 852 |a DE-21-110 | ||
| LOK | |0 852 1 |c S LIII 4 |m p |9 00 | ||
| LOK | |0 935 |a k110 | ||
| LOK | |0 936ln |a 4.2.4 | ||
| LOK | |0 938 |k p | ||
| LOK | |0 939 |a 30-05-94 |b l01 | ||
| ORI | |a SA-MARC-krimdoka001.raw | ||
| SIG | |a IFK: S LIII 4 | ||
| TIM | |a 100019590101_100019591231 |b 1959 - 1959 | ||
